Física conceptual: manual de laboratorio
שמור ב:
| מחבר ראשי: | |
|---|---|
| פורמט: | ספר |
| שפה: | ספרדית |
| יצא לאור: |
Ciudad de México
Addison-Wesley Longman
1998
|
| סדרה: | Serie Awli-Ciencias
|
| נושאים: | |
| תגים: |
הוספת תג
אין תגיות, היה/י הראשונ/ה לתייג את הרשומה!
|
MARC
| LEADER | 00000cam a2200000 a 4500 | ||
|---|---|---|---|
| 001 | UCO6019 | ||
| 003 | CL-VaPUC | ||
| 005 | 20250220161847.0 | ||
| 008 | 000929e19980000MX |||||||||||||||||spa|d | ||
| 999 | |c 291813 |d 291811 | ||
| 020 | |a 9684443048 | ||
| 040 | |c Pontificia Universidad Católica de Valparaíso | ||
| 082 | 0 | 4 | |a 530 |b ROB |2 21 |
| 100 | 0 | |a Robinson, Paul |e author |9 450823 | |
| 245 | 1 | 0 | |a Física conceptual: manual de laboratorio |
| 260 | |a Ciudad de México |b Addison-Wesley Longman |c 1998 | ||
| 300 | |a 332 p | ||
| 490 | 0 | |a Serie Awli-Ciencias | |
| 583 | |a last modification |c 20181227 03:43:41 |k Rodrigo Vera | ||
| 650 | 0 | |a Educación científica |x Experimentos |9 307484 | |
| 650 | 0 | |a Física |9 339846 |x Laboratorio | |
| 650 | 0 | |a Física |9 227844 |x Conceptos | |
| 942 | |c BK |2 ddc | ||
| 945 | |d 20000929 00:00:00 |a vberengu | ||
| 952 | |0 0 |1 0 |4 0 |6 530_000000000000000_ROB_1998 |7 0 |8 A |9 342016 |a BIBCUR |b BIBCUR |d 2019-11-20 |i 391321K |o 530 ROB 1998 |p 391321K |r 2025-04-22 |w 2019-11-20 |y BK |k BAC | ||
| 952 | |0 0 |1 0 |4 0 |6 530_000000000000000_ROB_1998 |7 0 |8 A |9 342017 |a BIBCUR |b BIBCUR |d 2019-11-20 |i 3913228 |o 530 ROB 1998 |p 3913228 |r 2025-04-22 |w 2019-11-20 |y BK |k BAC | ||
| 952 | |0 0 |1 0 |4 0 |6 530_000000000000000_ROB_1998 |7 0 |8 A |9 342018 |a BIBCUR |b BIBCUR |d 2019-11-20 |i 4236424 |o 530 ROB 1998 |p 4236424 |r 2025-04-22 |w 2019-11-20 |y BK |k FIS | ||
| 952 | |0 0 |1 0 |4 0 |6 530_000000000000000_ROB_1998 |7 0 |8 A |9 342019 |a BIBCUR |b BIBCUR |d 2019-11-20 |i 4236432 |o 530 ROB 1998 |p 4236432 |r 2025-04-22 |w 2019-11-20 |y BK |k FIS | ||
| 952 | |0 0 |1 0 |4 0 |6 530_000000000000000_ROB_1998 |7 0 |8 A |9 342020 |a BIBCUR |b BIBCUR |d 2019-11-20 |i 4236440 |o 530 ROB 1998 |p 4236440 |r 2025-04-22 |w 2019-11-20 |y BK |k FIS | ||
| 952 | |0 0 |1 0 |4 0 |6 530_000000000000000_ROB_1998 |7 0 |8 A |9 342021 |a BIBCUR |b BIBCUR |d 2019-11-20 |i 4236459 |o 530 ROB 1998 |p 4236459 |r 2025-04-22 |w 2019-11-20 |y BK |k FIS | ||
| 952 | |0 0 |1 0 |3 erb |4 0 |6 530_000000000000000_ROB_1998 |7 0 |8 A |9 342022 |a BIBING |b BIBING |i 5527201 |o 530 ROB 1998 |p 5527201 |r 2025-01-20 |w 2019-11-20 |y BK |z Catalogado en:20181227 |k EIQ | ||